header

Pedagogies for the future (Record no. 38869)

MARC details
000 -LEADER
fixed length control field 01279nam a2200313 a 4500
245 00 - TITLE STATEMENT
Title Pedagogies for the future
260 ## - PUBLICATION, DISTRIBUTION, ETC. (IMPRINT)
Place of publication Rotterdam :
Name of publisher Sense Publishers,
Year of publication 2013.
300 ## - PHYSICAL DESCRIPTION
Number of Pages xiv, 140 p.
650 #0 - SUBJECT ADDED ENTRY--TOPICAL TERM
Topical Term Education, Higher.
Topical Term Educational innovations.
700 1# - ADDED ENTRY--PERSONAL NAME
Personal name Brandenburg, Robyn.
Personal name Wilson, Jacqueline Z.
856 40 - ELECTRONIC LOCATION AND ACCESS
Uniform Resource Identifier http://site.ebrary.com/lib/rucke/Doc?id=10721216

No items available.

© 2026 Rongo University
Contact us: librarian | system librarian | Rongo university